| 000 | 00937nam a2200325 a 4500 | ||
|---|---|---|---|
| 003 | AR-BaBNM | ||
| 005 | 20251128205553.0 | ||
| 008 | 082120s2002 ||||||||||||||000 | spa|| | ||
| 020 | _a0-8058-2340-9 | ||
| 040 | _cAR-BaBNM | ||
| 100 | 1 | _aStringfield, Sam | |
| 245 | 0 | 0 |
_aBold plans for school restructuring _bthe new american schools designs |
| 260 |
_aNew Jersey _bLawrence Erlbaum _c1996 |
||
| 300 | _ax, 333 p. | ||
| 500 | _aIndice: p. 327-333 | ||
| 504 | _aContiene bibliografĂa al final de cada capĂtulo | ||
| 610 | 2 | 4 | _aJohns Hopkins University |
| 610 | 2 | 4 | _aUniversity of Memphis |
| 650 | 4 | _aREFORMA DE LA EDUCACION | |
| 650 | 4 | _aSIGLO VEINTE | |
| 651 | 4 | _aEstados Unidos | |
| 653 | _aSISTEMA EDUCATIVO | ||
| 653 | _aINNOVACIONES EDUCATIVAS | ||
| 653 | _aEXPERIENCIAS EDUCATIVAS | ||
| 653 | _aCAMBIO EDUCATIVO | ||
| 700 | 1 | _aRoss, Steven M. | |
| 700 | 1 | _aSmith, Lana | |
| 942 | _cBK | ||
| 998 | _cSILVI | ||
| 999 |
_c11937 _d11937 |
||